Music Quiz

Random Music or Kpop Quiz
Score 0/35 Timer 10:00
0 Plays Today
% Correct
Blackpink
66.4%
BTS
53.8%
NCT Dream
51.5%
Stray Kids
51%
Momoland
48.5%
EXID
48.1%
iKON
47%
Winner
46.7%
LOONA
46.5%
ATEEZ
46.2%
CLC
45.2%
Weki Meki
42.6%
Gfriend
42.2%
Red Velvet
41.2%
GOT7
38.9%
Apink
37.1%
The Boyz
35%
EXO
34.8%
% Correct
Super Junior
34.6%
K.A.R.D
34.4%
(G)I-DLE
34.1%
Dreamcatcher
33.8%
SHINee
33.8%
Seventeen
33.5%
Pentagon
32.2%
Oh My Girl
29.7%
NCT U
29.4%
BTOB
28.8%
Block B
26.3%
Astro
26.1%
NCT 127
23.5%
gugudan
23.3%
Monsta X
23%
Twice
22.9%
Mamamoo
19.2%
Remove Ads.
Support Sporcle.
Get the best of Sporcle when you Go Orange. This ad-free experience offers more features, more stats, and more fun while also helping to support Sporcle. Thank you for becoming a member.

You're not logged in!

Compare scores with friends on all Sporcle quizzes.
OR
Log In

Show Comments

Extras

Top Quizzes Today


Score Distribution

Your Account Isn't Verified!

In order to create a playlist on Sporcle, you need to verify the email address you used during registration. Go to your Sporcle Settings to finish the process.

Report this User

Report this user for behavior that violates our Community Guidelines.

Details: